Big data demystified: (Record no. 158718)

MARC details
000 -LEADER
fixed length control field 00708nam a22001937a 4500
005 - DATE AND TIME OF LATEST TRANSACTION
control field 20181120120822.0
010 ## - LCCN (DPL NO)
LC control number ENG-124482
020 ## - INTERNATIONAL STANDARD BOOK NUMBER
International Standard Book Number 9789353063658
Terms of availability 349.00
035 ## - SYSTEM CONTROL NUMBER
System control number EN-108014
037 ## - SOURCE OF ACQUISITION
Source of stock number/acquisition DBAD/PUB
082 ## - DEWEY DECIMAL CLASSIFICATION NUMBER
Classification number 006.312
100 ## - MAIN ENTRY--PERSONAL NAME
Personal name Stephenson, David
245 ## - TITLE STATEMENT
Title Big data demystified:
Statement of responsibility, etc by David Stephenson
Remainder of title how to use big data, data science and AI to make better business decisions and gain competitive advantage /
260 ## - PUBLICATION, DISTRIBUTION, ETC. (IMPRINT)
Place of publication, distribution, etc New Delhi
Name of publisher, distributor, etc Pearson
Date of publication, distribution, etc 2018
270 ## - ADDRESS
Address 14 Local Shopping Centre, Panchsheel Park
City New Delhi
Postal code 110017
300 ## - PHYSICAL DESCRIPTION
Extent xv,222p.
Dimensions 24cm. (pbk)
Other physical details ill.
500 ## - GENERAL NOTE
General note It includes references, glossary and Index
942 ## - ADDED ENTRY ELEMENTS (KOHA)
Source of classification or shelving scheme Dewey Decimal Classification
Item type English Books
Classification part 006.312
Call number suffix STE
Holdings
Withdrawn status Lost status Not for loan Collection code Home library Current library Date acquired Source of acquisition Cost, normal purchase price Full call number Barcode Copy number Cost, replacement price Koha item type
    Not For Loan Non-fiction D.B.Act.Division Bawana 13/11/2018 DBAD/PUB 349.00 006.312 STE EN-108014 1 349.00 English Books

© Delhi Public Library
Hit Counter
free hit counter